|
|
|
|
| LEADER |
02199nam a22003854i 4500 |
| 001 |
34355 |
| 003 |
BD-DhAAL |
| 005 |
20190321092642.0 |
| 008 |
190321t2019 enk f 000 0 eng |
| 999 |
|
|
|c 40484
|d 40484
|
| 010 |
|
|
|a 2018010621
|
| 020 |
|
|
|a 9780815370284 (paperback)
|
| 020 |
|
|
|a 9780815370277 (hardback)
|
| 020 |
|
|
|z 9781351249744 (ebook)
|
| 040 |
|
|
|a DLC
|b eng
|c DLC
|e rda
|d DLC
|d BD-DhAAL
|
| 042 |
|
|
|a pcc
|
| 043 |
|
|
|a e-uk---
|
| 050 |
0 |
0 |
|a LB2341.8.G7
|b M39 2019
|
| 082 |
0 |
0 |
|a 378.101
|2 23
|
| 100 |
1 |
|
|a McCaffery, Peter,
|d 1952-
|9 30303
|
| 245 |
1 |
4 |
|a The higher education manager's handbook :
|b effective leadership and management in universities and colleges /
|c Peter McCaffery.
|
| 250 |
|
|
|a Third edition.
|
| 260 |
|
|
|a London ;
|a New York :
|b Routledge,
|c 2019.
|
| 300 |
|
|
|a xix, 503 pages ;
|c 25 cm
|
| 500 |
|
|
|a "First edition published by RoutledgeFalmer 2004"--T.p. verso.
|
| 500 |
|
|
|a Previous edition: 2010.
|
| 505 |
2 |
|
|a Introduction: The challenge for higher education managers -- Chapter 1. Knowing your environment -- 1. The change drivers -- 2. The university identity crisis -- 3. The key strategic challenges for universities -- Chapter 2. Knowing your institution -- Chapter 3. Leading your department -- Chapter 4. Leading by example -- Chapter 5. Managing for high performance -- Chapter 6. Developing staff -- Chapter 7. Leading and celebrating diversity -- Chapter 8. Enhancing the student experience -- Chapter 9. Managing change -- Chapter 10. Managing up and managing the "down-side" -- 1. Managing up -- 2. Managing the "down side" -- Chapter 11. Managing yourself.
|
| 526 |
|
|
|a AAL
|
| 541 |
|
|
|a Parama
|e 34355
|
| 650 |
|
0 |
|a Universities and colleges
|z Great Britain
|x Administration
|v Handbooks, manuals, etc.
|9 30304
|
| 650 |
|
0 |
|a Educational leadership
|z Great Britain
|v Handbooks, manuals, etc.
|9 30305
|
| 650 |
|
0 |
|a Education, Higher
|z Great Britain
|x Administration
|v Handbooks, manuals, etc.
|9 30306
|
| 852 |
|
|
|a Ayesha Abed Library
|c General Stacks
|
| 942 |
|
|
|2 ddc
|c BK
|
| 952 |
|
|
|0 0
|1 0
|2 ddc
|4 0
|6 378_101000000000000_MCC
|7 0
|9 65114
|a BRACUL
|b BRACUL
|c GEN
|d 2019-02-26
|e Parama
|g 2555.29
|l 0
|o 378.101 MCC
|p 3010034355
|r 2019-02-26
|t 1
|v 2555.29
|w 2019-02-26
|y BK
|